LIBRARY & INFORMATION CENTRE, KCAET, TAVANUR

ONLINE PUBLIC ACCESS CATALOGUE (OPAC)

Jeevante utbhavavum bhaviyum / (Record no. 4645)

MARC details
000 -LEADER
fixed length control field 00704cam a2200181ua 4500
041 ## - LANGUAGE CODE
Language code of text/sound track or separate title mal
082 ## - DEWEY DECIMAL CLASSIFICATION NUMBER
Classification number 577
Item number ADI/JE
100 ## - MAIN ENTRY--AUTHOR NAME
Personal name Adiyodi, K U .
245 ## - TITLE STATEMENT
Title Jeevante utbhavavum bhaviyum /
260 ## - PUBLICATION, DISTRIBUTION, ETC. (IMPRINT)
Place of publication Calicut :
Name of publisher Navakerala Co-operative publishing ,
Year of publication 1963.
300 ## - PHYSICAL DESCRIPTION
Number of Pages 127 ; .
942 ## - ADDED ENTRY ELEMENTS (KOHA)
Koha item type Books
Holdings
Withdrawn status Lost status Damaged status Home library Current library Date acquired Full call number Accession Number Koha item type
      KAUAET KAUAET 07/04/2012 577 1526 Books
free website counter